MANUAL DE TRATAMIENTO DE AGUAS NEGRAS (Registro nro. 207281)
[ vista simple ]
| 000 -LEADER | |
|---|---|
| campo de control de longitud fija | 00714nam a2200241Ia 4500 |
| 005 - FECHA Y HORA DE LA ÚLTIMA TRANSACCIÓN | |
| campo de control | 20250425161335.0 |
| 008 - DATOS DE LONGITUD FIJA--INFORMACIÓN GENERAL | |
| campo de control de longitud fija | 250425s9999 xx 000 0 und d |
| 041 ## - CÓDIGO DE IDIOMA | |
| Código de lengua del texto/banda sonora o título independiente | spa |
| 043 ## - CÓDIGO DE ÁREA GEOGRÁFICA | |
| Código de área geográfica | mx |
| 082 ## - NÚMERO DE LA CLASIFICACIÓN DECIMAL DEWEY | |
| Número de clasificación | 628.3 |
| 010 ## - NÚMERO DE CONTROL DE LA BIBLIOTECA DEL CONGRESO | |
| Número de control de LC | 18130 |
| 110 ## - ENTRADA PRINCIPAL--NOMBRE DE ENTIDAD CORPORATIVA | |
| Nombre de entidad corporativa o nombre de jurisdicción como elemento de entrada | DEPARTAMENTO DE SANIDAD DEL ESTADO DE NUEVA YORK, ALBANY |
| 245 #0 - MENCIÓN DEL TÍTULO | |
| Título | MANUAL DE TRATAMIENTO DE AGUAS NEGRAS |
| 250 ## - MENCION DE EDICION | |
| Mención de edición | 1ERA |
| 260 ## - PUBLICACIÓN, DISTRIBUCIÓN, ETC. | |
| Lugar de publicación, distribución, etc. | MEXICO |
| 260 ## - PUBLICACIÓN, DISTRIBUCIÓN, ETC. | |
| Lugar de publicación, distribución, etc. | México |
| Nombre del editor, distribuidor, etc. | LIMUSA-WILEY, S.A. |
| Fecha de publicación, distribución, etc. | 1964 |
| 300 ## - DESCRIPCIÓN FÍSICA | |
| Extensión | 303 |
| 500 ## - NOTA GENERAL | |
| Nota general | Título Traducido: MANUAL OF INSTRUCTION FOR SEWAGE TREATMENT PLANT OPERATORS |
| 650 ## - PUNTO DE ACCESO ADICIONAL DE MATERIA--TÉRMINO DE MATERIA | |
| Término de materia o nombre geográfico como elemento de entrada | AGUAS NEGRAS-TRATAMIENTO |
| 650 ## - PUNTO DE ACCESO ADICIONAL DE MATERIA--TÉRMINO DE MATERIA | |
| Término de materia o nombre geográfico como elemento de entrada | DESECHOS INDUSTRIALES |
| 650 ## - PUNTO DE ACCESO ADICIONAL DE MATERIA--TÉRMINO DE MATERIA | |
| Término de materia o nombre geográfico como elemento de entrada | METODOS DE TRATAMIENTO DE LAS AGUAS NEGRAS |
| 942 ## - ELEMENTOS DE ENTRADA SECUNDARIOS (KOHA) | |
| Tipo de ítem Koha | Libros |
| Estatus retirado | Estado de pérdida | Estado de daño | No para préstamo | Biblioteca de origen | Biblioteca actual | Ubicación en estantería | Fecha de adquisición | Coste, precio normal de compra | Total de préstamos | Código de barras | Copia número | Tipo de ítem Koha |
|---|---|---|---|---|---|---|---|---|---|---|---|---|
| CENTRO DE INFORMACIÓN BIBLIOTECARIA | CENTRO DE INFORMACIÓN BIBLIOTECARIA | 14/06/2001 | 0.01 | 3388 | 1 | Libros |